Titres de chansons de Florent Pagny - Clic Quiz - Statistiques

Statistiques générales
  • Ce quiz a été pris 418 fois
  • Le résultat moyen est 18 sur 20
Statistiques - réponses
Hint Réponse % Correct
Savoir Aimer
99%
Ma liberté de Penser
99%
N'importe Quoi
98%
Vieillir avec Toi
97%
Noir et Blanc
96%
Châtelet Les Halles
96%
Bienvenue chez Moi
93%
Est-ce que tu me Suis
93%
Rafale de Vent
93%
Les murs Porteurs
92%
L'air du Temps
91%
Et un jour une Femme
90%
Ca fait des Nuits
87%
Le présent D'abord
84%
T'aimer Encore
84%
Si une Chanson
83%
Si tu veux M'essayer
82%
Là où je T'emmenerai
76%
Le Soldat
75%
La beauté du Doute
56%
Aucun quiz correspondant
Distribution des résultats
% des personnes avec chaque résultat
Percentile par nombre de réponses
Votre historique - résultats
Vous n’avez pas pris ce quiz